Gaming Quiz

Random Gaming or Pokémon Quiz

Shadow Pokemon (Colosseum) Quiz Stats

 Plays Quiz not verified by Sporcle

Challenge
Share
Tweet
Embed
Score 0/48 Timer 10:00
0 Plays Today
Type Shadow Pokemon % Correct
FireQuilava
95.2%
FightingMakuhita
94.5%
WaterCroconaw
94.5%
FireEntei
94.5%
ElectricRaikou
93.9%
GrassBayleef
93.3%
WaterSuicune
93.3%
GhostMisdreavus
92.7%
Rock/DarkTyranitar
92.1%
Water/GroundQuagsire
90.3%
Steel/PsychicMetagross
90.3%
Grass/FlyingSkiploom
89.1%
Dark/IceSneasel
89.1%
Steel/FlyingSkarmory
89.1%
FireSlugma
88.5%
Dark/FireHoundoom
88.5%
Normal/FlyingNoctowl
87.3%
ElectricFlaaffy
87.3%
Water/FlyingMantine
87.3%
Fighting/PsychicMeditite
86.7%
RockSudowoodo
86.7%
FightingHitmontop
86.7%
Ground/DragonVibrava
86.7%
Bug/FightingHeracross
86.7%
Type Shadow Pokemon % Correct
NormalFurret
86.1%
Dark/FlyingMurkrow
86.1%
Water/PoisonQwilfish
85.5%
Bug/FlyingYanma
84.8%
Ice/FlyingDelibird
84.8%
Grass/FlyingTropius
84.2%
Ice/GroundPiloswine
83%
Bug/FlyingLedian
81.8%
WaterRemoraid
80.6%
Ground/FlyingGligar
80.6%
Bug/SteelForretress
80.6%
Bug/RockShuckle
80.6%
Normal/FlyingTogetic
80%
Bug/PoisonAriados
79.4%
NormalMiltank
79.4%
DarkAbsol
78.8%
NormalUrsaring
77.6%
NormalStantler
73.3%
Normal/FlyingSwablu
72.7%
NormalDunsparce
71.5%
GrassSunflora
70.9%
NormalSmeargle
69.7%
NormalGranbull
65.5%
NormalAipom
63%

You're not logged in!

Compare scores with friends on all Sporcle quizzes.
Join for Free
OR
Log In

You Might Also Like...

Show Comments

Extras

Top Quizzes Today


Score Distribution

Your Account Isn't Verified!

In order to create a playlist on Sporcle, you need to verify the email address you used during registration. Go to your Sporcle Settings to finish the process.

Report this User

Report this user for behavior that violates our Community Guidelines.

Details: